000 00581cam a22002052 4500
001 0000024279
005 20151217155915.0
008 130624s xx 000 0 eng d
020 _a9966257888 :
040 _aKABU
_cKABU
100 1 _aAmadi, Elechi.
_@0000160769
245 1 4 _aThe Great ponds /
_cElechi Amadi.
250 _a1st ed.
260 _aNairobi :
_bE. A. E. P.,
_c1970.
300 _a224 p.
650 0 _aNigerian fiction (English)
_@0000184267
852 1 _9p495 KES
908 _a130624
950 _@1
999 _c13911
_d13911